| 000 | 00616nam a2200169 a 4500 | ||
|---|---|---|---|
| 001 | 000028127 | ||
| 005 | 20200930031354.0 | ||
| 008 | 110406s2002 dr 000 0 spa d | ||
| 040 |
_aDO-SdBNP _bspa _cBNPHU |
||
| 082 |
_axxx _bC766i, 2002 |
||
| 245 | 0 | 0 | _aConvención interamericana contra la corrupción. |
| 250 | _a2a ed. | ||
| 260 |
_aSanto Domingo : _bProcuraduría General de la República, Departamento de Prevención de la Corrupción, _c2002. |
||
| 300 |
_a15 p. ; _c22 m. |
||
| 500 | _aIncluye notas al pie de las páginas | ||
| 500 | _aAgencia de los Estados Unidos para el Desarrollo Internacional (USAID) | ||
| 999 |
_c27619 _d27619 |
||